00887nam a2200265 i 450000100060000000300090000600500170001500700030003200800410003502000180007608000140009408000220010824501590013025000120028926000410030130000340034249000230037665000370039965000460043670000430048270000220052573000180054783000230056585200330058818445ES-MaACL20251001194556.0t|011107s1996 ag ||||1| spa d a950-02-8456-1 a82.09"19" a929:82"19"(049.3)00aConfesiones de escritores. pNarradores 1 b: los reportajes de The Paris Review / cLouis-Ferdinand Céline ... [et al.] ; prólogo de Luis Chitarroni. a1ª ed. aBuenos Aires : bEl Ateneo, c[1996] aIX, 175 p. : bil. ; c23 cm.1 aGrandes reportajes 4aEscritores-yS.XX-vEntrevistas. 4aLiteratura-yS.XX-xHistoria y crítica.1 aCéline, Louis-Ferdinand, d1894-19611 aChitarroni, Luis.0 aParis review.0 aGrandes reportajes aES-MaACLjL-25068 bR.130516